000 00857cam a22002893a 4500
001 19709
003 PGUSA
005 20140828083422.0
008 061104s2006||||xxu|||||s|||||000 1 eng d
040 _aPGUSA
_beng
042 _adc
050 4 _aPZ
100 1 _aRockwell, Carey
245 1 0 _aDanger in Deep Space
_h[electronic resource] /
_cCarey Rockwell
260 _bProject Gutenberg,
_c2006
506 _aPublic domain in the USA.
516 _aElectronic text
653 _aAstronauts -- Juvenile fiction
653 _aCorbett, Tom (Fictitious character) -- Juvenile fiction
653 _aInterstellar travel -- Juvenile fiction
653 _aScience fiction
700 1 _aGlanzman, Louis
700 1 _aLey, Willy,
_d1906-1969
830 0 _aProject Gutenberg
_v19709
856 4 0 _uhttp://www.gutenberg.org/ebooks/19709
942 _cEB
999 _c248964
_d248964